Synergieorientierte Unternehmensintegration Grundlagen und Auswirkungen

Gespeichert in:
Bibliographische Detailangaben
1. Verfasser: Ehrensberger, Sebastian
Format: Buch
Sprache:Deutsch
Veröffentlicht: Wiesbaden Deutscher Universitäts Verlag 1993
Ausgabe:1. Aufl.
Schlagworte:
Tags: Tag hinzufügen
Keine Tags, Fügen Sie das erste Tag hinzu!

MARC

LEADER 00000nam a2200000 4500
001 c010397
005 20221206075114.9
020 |a 3-8244-0159-2 
041 0 |a ger 
044 |a DE 
245 1 0 |a Synergieorientierte Unternehmensintegration  |b Grundlagen und Auswirkungen  |c Sebastian Ehrensberger 
250 |a 1. Aufl. 
264 1 |a Wiesbaden  |b Deutscher Universitäts Verlag  |c 1993 
300 |a 362 s. 
610 2 0 |a synergia 
610 2 0 |a hospodárstvo podnikové 
610 2 0 |a spolupráca podnikov 
610 2 0 |a integrácia 
610 2 0 |a produkcia 
610 2 0 |a náklady 
610 2 0 |a modely 
100 1 |a Ehrensberger, Sebastian